00425 2200145 4500001002100000008004100021035002000062245006300082260004100145020001800186084001700204082001100221650003400232990001300266INLIS000000000000278 ind  a0010-0120000278 aFikih 3bbKelas 3 Semester 2cTim Penulis Fikih Media Ilmu aSidoarjo :bListafariska Putrac2004 a979-3487-26-7 a297.14 FIK f a297.14 aFikih -- Studi dan Pengajaran a21900278